000
00249nam a2200097Ia 4500
082
_a
AF VANW
245
0
_a
LIEFDE IN DIE NAJAAR
100
_a
VAN WYK, S. [S.l.], 1984
_9
96868
942
_c
BK
008
210817s9999 xx 000 0 und d
999
_c
412558
_d
412557